| 000 | 00703 a2200217 4500 | ||
|---|---|---|---|
| 003 | UA-OsUOA | ||
| 005 | 20260511110030.0 | ||
| 008 | 260511b un ||||| |||| 00| 0 ukr d | ||
| 040 |
_aUA-OsUOA _beng _cUA-OsUOA _dUA-OsUOA |
||
| 041 | _aeng | ||
| 080 | _a14 | ||
| 090 |
_a14 _bK19 |
||
| 245 |
_aKANT _bSelection _cedited by Theodore Meyer Greene |
||
| 260 |
_bCharles Scribner's Sons _c1957 _aNew York |
||
| 300 | _a526 p. | ||
| 490 | _aThe Modern Student's Library | ||
| 650 |
_2UDC _a14 Філософські системи та погляди _91949 |
||
| 942 |
_cBK _2udc |
||
| 955 | _a4 | ||
| 999 |
_c580689 _d580689 |
||